000 00645nam a2200277Ia 4500
005 20260324114824.0
008 008 260324s9999 xx 000 0 eng d
020 _a9780429432156
037 _aEBOOK
040 _aCRL
040 _beng
040 _cCRL
041 _2eng
041 _aeng
084 _qCRL
100 _aM.R. Riazi
_91152296
245 0 _aOil Spill Occurrence, Simulation, and Behavior
260 _bTaylor and Francis
260 _c2021
365 _a
365 _b305
856 _uhttp://www.taylorfrancis.com/books/9780429432156
942 _cEBOOK
999 _c1742703
_d1742703